| 000 | 00625nam a2200241Ia 4500 | ||
|---|---|---|---|
| 001 | 50402 | ||
| 005 | 20240114005148.0 | ||
| 007 | ta | ||
| 008 | 090606s1932 g b000 u 465 u | ||
| 040 | _aCotton College,Assam | ||
| 041 | _a465 | ||
| 082 |
_a321.091 _bR 76 In |
||
| 100 | _aNA, . | ||
| 245 | 0 |
_aIndian Round Table Conference Vol. II / _hTextual Documents |
|
| 250 | _a1st ed / | ||
| 260 |
_aCalcutta : _bCentrel Publicaion Branch , _c1932. |
||
| 300 |
_a1520p ; _c23 cm. |
||
| 653 | _aJournals | ||
| 653 | _aBV-Political Science | ||
| 942 |
_2ddc _cBK |
||
| 999 |
_c50367 _d50367 |
||